|
|
|
|
| LEADER |
00000nam0a2200000 4500 |
| 001 |
134434 |
| 005 |
20231031135701.0 |
| 035 |
|
|
|a (RuTPU)RU\TPU\book\145722
|
| 090 |
|
|
|a 134434
|
| 100 |
|
|
|a 20080329d1980 m y0rusy50 ca
|
| 101 |
0 |
|
|a rus
|
| 102 |
|
|
|a RU
|
| 105 |
|
|
|a a j 001zy
|
| 200 |
1 |
|
|a Основы метрологии и технические измерения
|e учебное пособие
|f А. С. Васильев
|
| 210 |
|
|
|a Москва
|c Машиностроение
|d 1980
|
| 215 |
|
|
|a 192 с.
|c ил.
|
| 320 |
|
|
|a Библиогр.: с. 189.
|
| 610 |
1 |
|
|a метрология
|
| 610 |
1 |
|
|a технические измерения
|
| 610 |
1 |
|
|a машиностроение
|
| 610 |
1 |
|
|a меры длины
|
| 610 |
1 |
|
|a калибры
|
| 610 |
1 |
|
|a шаблоны
|
| 610 |
1 |
|
|a штангенинструменты
|
| 610 |
1 |
|
|a микрометрические инструменты
|
| 610 |
1 |
|
|a оптико-механические приборы
|
| 610 |
1 |
|
|a контроль
|
| 610 |
1 |
|
|a измерения
|
| 610 |
1 |
|
|a учебные пособия
|
| 675 |
|
|
|a 389(075.8)
|v 3
|
| 675 |
|
|
|a 621:53.08(075.8)
|v 3
|
| 700 |
|
1 |
|a Васильев
|b А. С.
|g Александр Сергеевич
|
| 801 |
|
1 |
|a RU
|b 63413507
|c 20080329
|g PSBO
|
| 801 |
|
2 |
|a RU
|b 63413507
|c 20091013
|g PSBO
|
| 900 |
|
|
|a Технические измерения и приборы
|
| 942 |
|
|
|c BK
|